[Event "Eesti klubide mv"]
[Site "Tallinn"]
[Date "2021.07.17"]
[Round "3.23"]
[White "Krivenko, Dion"]
[Black "Haavamäe, Henrik"]
[Result "1/2-1/2"]
[WhiteElo "1939"]
[BlackElo "2193"]
[PlyCount "53"]
[EventDate "2021.07.16"]
[EventCountry "EST"]
[SourceVersionDate "2021.11.19"]
[WhiteTeam "Kadrioru MK"]
[BlackTeam "TTMKK"]

1. e4 c5 2. Nf3 Nc6 3. Bb5 e6 4. O-O Nge7 5. Nc3 a6 6. Bxc6 Nxc6 7. d4 cxd4 8.
Nxd4 Be7 9. Nxc6 dxc6 10. Qg4 Bf6 11. Be3 e5 12. Qg3 O-O 13. Na4 Qa5 14. Nb6
Rb8 15. a3 Qb5 16. b4 Qe2 17. Rae1 Qxc2 18. f4 Qc3 19. Na4 Qxa3 20. fxe5 Be7
21. Ra1 Qd3 22. Qf4 Bxb4 23. Rf3 Qd8 24. Rg3 Qe7 25. Rb1 b5 (25... g6) 26. Rxb4
Qxb4 27. Rxg7+ 1/2-1/2

[Event "Eesti klubide mv"]
[Site "Tallinn"]
[Date "2021.07.17"]
[Round "3.24"]
[White "Medar, Marti"]
[Black "Ivanov, Platon-Jaan"]
[Result "0-1"]
[WhiteElo "2049"]
[BlackElo "2188"]
[PlyCount "72"]
[EventDate "2021.07.16"]
[EventCountry "EST"]
[SourceVersionDate "2021.11.19"]
[WhiteTeam "TTMKK"]
[BlackTeam "Kadrioru MK"]

1. d4 Nf6 2. Bf4 d5 3. e3 c6 4. c3 Bf5 5. Bd3 Bxd3 6. Qxd3 Nbd7 7. h3 e6 8. Nd2
Be7 9. g4 Qb6 10. Rb1 Qb5 11. Qc2 c5 12. Ne2 Nb6 13. Ng3 Rc8 14. Be5 O-O 15.
Nf3 Nfd7 16. Bf4 cxd4 17. exd4 Qa4 18. Qb3 Nc5 19. Qxa4 Ncxa4 20. Nd2 g5 21.
Be3 f5 22. gxf5 exf5 23. f4 Rce8 24. Kf2 Bd6 25. Ne2 Kh8 26. Rhg1 h6 27. Kf3
Rf7 28. b3 gxf4 29. Nxf4 Nxc3 30. Rbf1 Ne4 31. Rg6 Kh7 32. Rg2 Ng5+ 33. Kf2
Bxf4 34. Bxf4 Nxh3+ 35. Kf3 Nxf4 36. Kxf4 Re4+ 0-1

[Event "Eesti klubide mv"]
[Site "Tallinn"]
[Date "2021.07.17"]
[Round "3.25"]
[White "Neff, Sergei"]
[Black "Abozenko, Georg"]
[Result "1-0"]
[WhiteElo "2198"]
[BlackElo "2134"]
[PlyCount "43"]
[EventDate "2021.07.16"]
[EventCountry "EST"]
[SourceVersionDate "2021.11.19"]
[WhiteTeam "Kadrioru MK"]
[BlackTeam "TTMKK"]

1. Nf3 d5 2. c4 c6 3. d4 Nf6 4. Nc3 dxc4 5. e4 b5 6. e5 Nd5 7. a4 Nxc3 8. bxc3
Bg4 9. h3 Bh5 10. e6 fxe6 11. Be2 h6 12. Ne5 Bxe2 13. Qxe2 g6 14. axb5 Qd5 15.
O-O cxb5 16. Nxg6 Rg8 17. Nf4 Qc6 18. Qh5+ Kd7 19. Qf7 Rg5 20. Qxf8 Na6 21.
Qxh6 Rag8 22. d5 1-0

[Event "Eesti klubide mv"]
[Site "Tallinn"]
[Date "2021.07.17"]
[Round "3.31"]
[White "Pedoson, Georg"]
[Black "Andrijashkin, Deniss"]
[Result "1-0"]
[WhiteElo "2231"]
[BlackElo "2137"]
[PlyCount "47"]
[EventDate "2021.07.16"]
[EventCountry "EST"]
[SourceVersionDate "2021.11.19"]
[WhiteTeam "Kaksikodad MK"]
[BlackTeam "Narva Maletäht"]

1. d4 Nf6 2. Bf4 g6 3. Nc3 Bg7 4. e4 d6 5. Qd2 Nbd7 6. O-O-O c6 7. f3 b5 8. g4
Nb6 9. Bh6 Bxh6 10. Qxh6 Qc7 11. Nh3 a5 12. e5 dxe5 13. dxe5 Qxe5 14. Bxb5 cxb5
15. Rhe1 Qc5 16. Qg7 Rf8 17. Qxf6 Be6 18. Qg7 Rc8 19. Re5 Qc4 20. Ng5 Qf4+ 21.
Kb1 Nd7 22. Rxb5 Nf6 23. Qh6 a4 24. Nxe6 1-0

[Event "Eesti klubide mv"]
[Site "Tallinn"]
[Date "2021.07.17"]
[Round "3.32"]
[White "Aga, Rihard"]
[Black "Raag, Ardi"]
[Result "1-0"]
[WhiteElo "2021"]
[BlackElo "1955"]
[PlyCount "127"]
[EventDate "2021.07.16"]
[EventCountry "EST"]
[SourceVersionDate "2021.11.19"]
[WhiteTeam "Narva Maletäht"]
[BlackTeam "Kaksikodad MK"]

1. d4 d5 2. c4 e6 3. Nc3 Nf6 4. Nf3 Nbd7 5. Bf4 dxc4 6. Qa4 Nd5 7. Bg5 Be7 8.
Bxe7 Qxe7 9. Qxc4 N7b6 10. Qb3 Qb4 11. Qc2 Nxc3 12. bxc3 Qa4 13. Qb3 O-O 14. e3
Qa5 15. Bd3 c5 16. O-O Bd7 17. Ne5 Ba4 18. Qa3 Rac8 19. Rfc1 c4 20. Be4 Nd5 21.
Bxd5 exd5 22. Nd7 Rfe8 23. Nc5 b5 24. Rab1 g6 25. Nb7 Qc7 26. Nc5 Qd6 27. Qb4
Rb8 28. Nxa4 Qxb4 29. Rxb4 bxa4 30. Rcb1 Rxb4 31. Rxb4 Re6 32. Rxa4 Rb6 33. g4
Rb1+ 34. Kg2 Rc1 35. Ra3 Rc2 36. g5 Kg7 37. h4 h6 38. Kg3 h5 39. f3 Re2 40. Kf4
Rh2 41. Ke5 Rxh4 42. Kxd5 Rh3 43. Ke4 Rg3 44. Rxa7 h4 45. Kf4 Rg2 46. Rb7 h3
47. Rb1 Rxa2 48. Rh1 Rc2 49. Rxh3 Rxc3 50. Rh2 Kf8 51. Ke4 Ke7 52. Ra2 Rc1 53.
Ra7+ Ke8 54. Ra3 Ke7 55. Ke5 c3 56. Ke4 c2 57. Rc3 Rg1 58. Rxc2 Rxg5 59. d5 Rg3
60. Rc7+ Ke8 61. d6 f5+ 62. Kf4 Rh3 63. Rg7 Rh6 64. Ke5 1-0

[Event "Eesti klubide mv"]
[Site "Tallinn"]
[Date "2021.07.17"]
[Round "3.33"]
[White "Kull, Tormi"]
[Black "Blohhin, Sofia"]
[Result "0-1"]
[WhiteElo "1964"]
[BlackElo "1976"]
[PlyCount "78"]
[EventDate "2021.07.16"]
[EventCountry "EST"]
[SourceVersionDate "2021.11.19"]
[WhiteTeam "Kaksikodad MK"]
[BlackTeam "Narva Maletäht"]

1. e4 c5 2. Nf3 e6 3. d4 cxd4 4. Nxd4 a6 5. c4 Nf6 6. Nc3 Bb4 7. Bd3 Nc6 8.
Nxc6 dxc6 9. O-O Qc7 10. Qe2 e5 11. h3 O-O 12. Be3 Bxc3 13. bxc3 Be6 14. a4
Rfd8 15. Rab1 c5 16. Bg5 Qa5 17. Bxf6 gxf6 18. f4 Qxc3 19. Rf3 Qd4+ 20. Kh1
Rab8 21. f5 Bd7 22. Rb6 Bc6 23. Rg3+ Kf8 24. Qh5 Qf2 25. Qh6+ Ke7 26. Rf3 Qe1+
27. Kh2 Rg8 28. Rb1 Qa5 29. Qe3 Rbd8 30. Rf2 Rd4 31. g4 Qc3 32. Rf3 Rgd8 33. g5
Qxd3 34. gxf6+ Ke8 35. Qg1 Qxf3 36. Qg8+ Kd7 37. Qxf7+ Kc8 38. Qe6+ Kb8 39.
Qxe5+ Ka8 0-1

[Event "Eesti klubide mv"]
[Site "Tallinn"]
[Date "2021.07.17"]
[Round "3.34"]
[White "Sadekov, Maksim"]
[Black "Lainevool, Mirko"]
[Result "1-0"]
[WhiteElo "1912"]
[BlackElo "1554"]
[PlyCount "53"]
[EventDate "2021.07.16"]
[EventCountry "EST"]
[SourceVersionDate "2021.11.19"]
[WhiteTeam "Narva Maletäht"]
[BlackTeam "Kaksikodad MK"]

1. d4 d5 2. c4 dxc4 3. e3 Nf6 4. Bxc4 e5 5. Qb3 Qe7 6. dxe5 Ng4 7. Nf3 Nc6 8.
Nc3 Ngxe5 9. Be2 Qd6 10. O-O Qg6 11. Nb5 Bd6 12. Nxe5 Bxe5 13. f4 Bd6 14. Bd3
Qf6 15. e4 Nd4 16. Qa4 Nxb5 17. Bxb5+ Ke7 18. Be3 Qxb2 19. e5 Bb4 20. Rab1 Qc3
21. Qxb4+ Qxb4 22. Rxb4 b6 23. Bc6 Rb8 24. Rd1 Be6 25. a4 a5 26. Rbd4 g6 27.
Bf2 1-0

[Event "Eesti klubide mv"]
[Site "Tallinn"]
[Date "2021.07.17"]
[Round "3.35"]
[White "Dukov, Vladimir"]
[Black "Vaino, Nikita"]
[Result "0-1"]
[WhiteElo "1423"]
[BlackElo "1909"]
[PlyCount "92"]
[EventDate "2021.07.16"]
[EventCountry "EST"]
[SourceVersionDate "2021.11.19"]
[WhiteTeam "Kaksikodad MK"]
[BlackTeam "Narva Maletäht"]

1. d4 d5 2. c4 e6 3. e3 Nf6 4. Nc3 Be7 5. Nf3 O-O 6. Bd3 b6 7. O-O Bb7 8. Re1
c5 9. b3 Nc6 10. Bb2 Nb4 11. Rc1 Nxd3 12. Qxd3 dxc4 13. bxc4 Bxf3 14. gxf3 cxd4
15. exd4 Rc8 16. Ne4 Qc7 17. Kh1 Rfd8 18. d5 Qf4 19. Qe3 Qxe3 20. Rxe3 exd5 21.
cxd5 Rxc1+ 22. Bxc1 Nxd5 23. Re1 Nb4 24. a3 Nc2 25. Rg1 Nxa3 26. Ng3 Nc4 27.
Nf5 Bf6 28. Nxg7 Bxg7 29. Bh6 Rd6 30. Bxg7 Rg6 31. Rc1 Kxg7 32. Rxc4 Rg5 33. h4
Ra5 34. Kg2 b5 35. Rc7 b4 36. Rb7 Ra4 37. Kf1 a5 38. Ke2 Ra3 39. Kd2 Rxf3 40.
Ke2 Ra3 41. Rb5 b3 42. Kd3 a4 43. Rb4 Ra2 44. f4 b2 45. Kc2 a3 46. Rb3 Ra1 0-1

[Event "Eesti klubide mv"]
[Site "Tallinn"]
[Date "2021.07.17"]
[Round "3.36"]
[White "Nikitin, Arseni"]
[Black "Kõlar, Karl Ustav"]
[Result "1/2-1/2"]
[WhiteElo "1765"]
[BlackElo "1646"]
[PlyCount "60"]
[EventDate "2021.07.16"]
[EventCountry "EST"]
[SourceVersionDate "2021.11.19"]
[WhiteTeam "Narva Maletäht"]
[BlackTeam "Kaksikodad MK"]

1. e4 e5 2. Nf3 Nf6 3. Nxe5 Nc6 4. Nxc6 dxc6 5. Nc3 (5. e5 Ne4 6. d3 $4 Bc5 $19
) 5... Bc5 6. Be2 h5 7. h3 Qd4 8. O-O Ng4 9. Bxg4 (9. hxg4 $2 hxg4 10. g3 Qe5
11. Kg2 Bxf2 $3 12. Rxf2 Qh5) 9... hxg4 10. Ne2 Qxe4 (10... Qf6 $1 11. e5 Qf5
12. d4 gxh3 13. Ng3 Qh7 14. Qf3 Be6 15. dxc5 Bd5 16. Ne4 hxg2 17. Qxg2 Bxe4 18.
f3 Bd5 $19) 11. Ng3 Qf4 (11... Qg6 12. d4 Be7) 12. d4 Qxd4 13. Re1+ Be6 14.
Qxd4 Bxd4 15. c3 Bc5 16. hxg4 O-O-O 17. g5 Rh4 18. Be3 Bd6 19. Nf1 Rdh8 20. f3
Bc4 21. Kf2 f5 22. gxf6 gxf6 23. b3 Bxf1 24. Rxf1 f5 25. c4 Rh2 26. f4 Rg8 27.
Rg1 Rg4 28. Kf3 Be7 29. Rad1 Bh4 30. g3 Be7 1/2-1/2

[Event "Eesti klubide mv"]
[Site "Tallinn"]
[Date "2021.07.18"]
[Round "4.2"]
[White "Sirp, Karl Aleksander"]
[Black "Zjukin, Sergei"]
[Result "1/2-1/2"]
[WhiteElo "1971"]
[BlackElo "2297"]
[PlyCount "40"]
[EventDate "2021.07.16"]
[EventCountry "EST"]
[SourceVersionDate "2021.11.19"]
[WhiteTeam "TTMKK"]
[BlackTeam "Tartu Kalev"]

1. d4 Nf6 2. Nf3 g6 3. Bf4 Bg7 4. e3 c5 5. c3 b6 6. Be2 Bb7 7. O-O d6 8. h3 O-O
9. Nfd2 Nbd7 10. Bf3 Qc7 11. Bxb7 Qxb7 12. Qf3 Qxf3 13. Nxf3 Nd5 14. Bh2 cxd4
15. exd4 b5 16. a4 bxa4 17. Rxa4 a5 18. Nbd2 N7b6 19. Ra2 Rfc8 20. Rfa1 a4
1/2-1/2

[Event "Eesti klubide mv"]
[Site "Tallinn"]
[Date "2021.07.18"]
[Round "4.3"]
[White "Haavamäe, Henrik"]
[Black "Pedmanson, Herman"]
[Result "1-0"]
[WhiteElo "2198"]
[BlackElo "2023"]
[PlyCount "113"]
[EventDate "2021.07.16"]
[EventCountry "EST"]
[SourceVersionDate "2021.11.19"]
[WhiteTeam "TTMKK"]
[BlackTeam "Tartu Kalev"]

1. b3 Nf6 2. Bb2 g6 3. Nf3 Bg7 4. e3 O-O 5. d4 d6 6. Nbd2 Nbd7 7. Be2 b6 8. O-O
Bb7 9. c4 h6 10. Qc2 Nh7 11. d5 c6 12. Bxg7 Kxg7 13. e4 cxd5 14. exd5 Rc8 15.
Qb2+ Nhf6 16. Nd4 Kh7 17. Rfe1 Nc5 18. b4 Nce4 19. Nxe4 Nxe4 20. Bg4 Rxc4 21.
Rxe4 Bxd5 22. Be2 Bxe4 23. Bxc4 e5 24. Ne2 Qg5 25. Ng3 Bb7 26. Rd1 d5 27. Bxd5
Rd8 28. Bb3 Rxd1+ 29. Bxd1 h5 30. Qb3 Kg8 31. Qe3 Qe7 32. Bf3 Bxf3 33. Qxf3
Qxb4 34. Qa8+ Kg7 35. Qxa7 h4 36. Nf1 Qd4 37. Qa3 Kf6 38. Qe3 Ke6 39. Qxd4 exd4
40. Nd2 Kd5 41. Kf1 d3 42. Ke1 g5 43. Nf3 f6 44. Kd2 Kc4 45. Ne1 Kb4 46. Kxd3
Ka3 47. Ke4 Kxa2 48. Kf5 b5 49. Kxf6 Kb3 50. Ke5 Kc3 51. Ke4 Kd2 52. Nd3 Ke2
53. g3 hxg3 54. fxg3 g4 55. Nb4 Kd2 56. Kf4 Kc3 57. Na6 1-0

[Event "Eesti klubide mv"]
[Site "Tallinn"]
[Date "2021.07.18"]
[Round "4.4"]
[White "Tomson, Mihkel"]
[Black "Tuul, Tarmo"]
[Result "0-1"]
[WhiteElo "1864"]
[BlackElo "2113"]
[PlyCount "50"]
[EventDate "2021.07.16"]
[EventCountry "EST"]
[SourceVersionDate "2021.11.19"]
[WhiteTeam "Tartu Kalev"]
[BlackTeam "TTMKK"]

1. e4 c6 2. d4 d5 3. Nc3 dxe4 4. Nxe4 Nd7 5. Nf3 Ngf6 6. Bd3 Nxe4 7. Bxe4 Nf6
8. Bd3 Bg4 9. c3 e6 10. h3 Bh5 11. g4 Bg6 12. Ne5 Qd5 13. Rg1 Bd6 14. Bf4 O-O-O
15. Bc2 c5 16. g5 Nh5 17. Nxg6 hxg6 18. Be3 Bh2 19. Rg4 f5 20. gxf6 Nxf6 21.
Rxg6 Rxh3 22. Kd2 cxd4 23. cxd4 Bf4 24. Qe2 Qxd4+ 25. Bd3 Qxb2+ 0-1

[Event "Eesti klubide mv"]
[Site "Tallinn"]
[Date "2021.07.18"]
[Round "4.5"]
[White "Medar, Marti"]
[Black "Raide, Sivert"]
[Result "1-0"]
[WhiteElo "2049"]
[BlackElo "1718"]
[PlyCount "67"]
[EventDate "2021.07.16"]
[EventCountry "EST"]
[SourceVersionDate "2021.11.19"]
[WhiteTeam "TTMKK"]
[BlackTeam "Tartu Kalev"]

1. e4 d5 2. exd5 Nf6 3. Bb5+ Nbd7 4. c4 a6 5. Bxd7+ Bxd7 6. d4 b5 7. b3 e6 8.
dxe6 Bxe6 9. d5 Bf5 10. Ne2 Bd6 11. Be3 Ng4 12. Bd4 Ne5 13. O-O Qh4 14. f4 Nd3
15. Nbc3 Nxf4 16. Nxf4 Bxf4 17. Qe1+ Qxe1 18. Raxe1+ Kd7 19. Rxf4 Bg6 20. Bxg7
Rhe8 21. Rxe8 Rxe8 22. cxb5 axb5 23. Nxb5 Re1+ 24. Kf2 Rd1 25. Rd4 Rc1 26. Rc4
Rd1 27. Rxc7+ Ke8 28. Bf6 Rxd5 29. Rc8+ Kd7 30. Rd8+ Kc6 31. Na7+ Kc5 32. Be7+
Kd4 33. Nb5+ Ke5 34. Bf6+ 1-0

[Event "Eesti klubide mv"]
[Site "Tallinn"]
[Date "2021.07.18"]
[Round "4.6"]
[White "Pool, Linda Maria"]
[Black "Abozenko, Georg"]
[Result "0-1"]
[WhiteElo "1484"]
[BlackElo "2134"]
[PlyCount "116"]
[EventDate "2021.07.16"]
[EventCountry "EST"]
[SourceVersionDate "2021.11.19"]
[WhiteTeam "Tartu Kalev"]
[BlackTeam "TTMKK"]

1. d4 Nf6 2. Nf3 d5 3. e3 c5 4. b3 Nc6 5. Bd3 Bg4 6. Bb2 cxd4 7. exd4 e6 8. O-O
Bd6 9. h3 Bh5 10. Nbd2 O-O 11. Be2 Qc7 12. c4 dxc4 13. Nxc4 Be7 14. Ne3 Rfd8
15. Qc1 Rac8 16. Rd1 Qb8 17. Nc2 Nb4 18. Bd3 Nxc2 19. Bxc2 Bg6 20. Rd2 Bb4 21.
Re2 Bd3 22. Qd1 Bxe2 23. Qxe2 Bc3 24. Bxc3 Rxc3 25. Bd3 Qc7 26. Bc4 Qf4 27. Qb2
Rxf3 28. gxf3 Qxf3 29. Kh2 Qf4+ 30. Kg1 Rxd4 31. Qe2 g6 32. Rd1 Rxd1+ 33. Qxd1
b5 34. Be2 a6 35. a4 Ne4 36. Qd8+ Kg7 37. Qd4+ e5 38. Qb6 Nc3 39. Bf1 bxa4 40.
bxa4 Qxa4 41. Bxa6 Qd4 42. Qxd4 exd4 43. Kg2 Kf6 44. f4 Ke6 45. Kf3 Kd5 46. Bd3
Na4 47. Ke2 Nc5 48. Bb1 d3+ 49. Bxd3 Nxd3 50. Kxd3 f5 51. Ke3 Kc4 52. Kf3 Kd3
53. h4 h6 54. Kf2 Ke4 55. Kg3 Ke3 56. h5 gxh5 57. Kh4 Kxf4 58. Kxh5 Kg3 0-1

[Event "Eesti klubide mv"]
[Site "Tallinn"]
[Date "2021.07.18"]
[Round "4.21"]
[White "Pedoson, Georg"]
[Black "Jezov, Roman"]
[Result "1/2-1/2"]
[WhiteElo "2231"]
[BlackElo "2318"]
[PlyCount "57"]
[EventDate "2021.07.16"]
[EventCountry "EST"]
[SourceVersionDate "2021.11.19"]
[WhiteTeam "Kaksikodad MK"]
[BlackTeam "Kadrioru MK"]

1. c4 c5 2. g3 Nf6 3. Bg2 d5 4. cxd5 Nxd5 5. Nc3 Nc7 6. Nf3 Nc6 7. O-O e5 8. d3
Be7 9. Nd2 O-O 10. Nc4 f6 11. f4 exf4 12. Bxf4 Ne6 13. Bd2 Rb8 14. a4 Nb4 15.
Na2 b6 16. Nxb4 cxb4 17. Bf4 Nxf4 18. Rxf4 Be6 19. e3 f5 20. Ne5 g5 21. Nc6 Qc7
22. Nxe7+ Qxe7 23. Rf2 Rbd8 24. d4 Bf7 25. Qd3 Bg6 26. Qb3+ Bf7 27. Qd3 Bg6 28.
Qb3+ Bf7 29. Qd3 1/2-1/2

[Event "Eesti klubide mv"]
[Site "Tallinn"]
[Date "2021.07.18"]
[Round "4.22"]
[White "Petrov, Dmitri"]
[Black "Raag, Ardi"]
[Result "1-0"]
[WhiteElo "2251"]
[BlackElo "1955"]
[PlyCount "65"]
[EventDate "2021.07.16"]
[EventCountry "EST"]
[SourceVersionDate "2021.11.19"]
[WhiteTeam "Kadrioru MK"]
[BlackTeam "Kaksikodad MK"]

1. e4 e6 2. b3 d5 3. Bb2 Nf6 4. Nc3 a6 5. Qf3 d4 6. Nce2 c5 7. d3 Nc6 8. h3 b5
9. g4 Nb4 10. Kd1 e5 11. g5 Nd7 12. Qg3 Qb6 13. f4 Bd6 14. f5 Bb7 15. a3 Nc6 (
15... Nxc2 16. Kxc2 c4 $40) 16. Nf3 c4 17. g6 hxg6 18. fxg6 f6 19. Qg4 Nf8 20.
Ng3 Bc8 21. Nf5 Bxf5 22. exf5 cxb3 23. cxb3 Nd7 24. Nd2 Ne7 25. Rc1 Nd5 26. Qf3
Ne3+ 27. Ke2 Qd8 28. Rc6 Be7 29. Bg2 Rh4 30. Rhc1 Rf4 $4 (30... e4 31. Nxe4 Ne5
32. Qf2 Nxc6 33. Nd6+ Qxd6 34. Bxc6+ Kd8 35. Qxh4 Nxf5 $11) 31. Qh5 Nxf5 32.
Qh8+ Bf8 33. Rc7 1-0

[Event "Eesti klubide mv"]
[Site "Tallinn"]
[Date "2021.07.18"]
[Round "4.23"]
[White "Kull, Tormi"]
[Black "Ivanov, Platon-Jaan"]
[Result "0-1"]
[WhiteElo "1964"]
[BlackElo "2188"]
[PlyCount "98"]
[EventDate "2021.07.16"]
[EventCountry "EST"]
[SourceVersionDate "2021.11.19"]
[WhiteTeam "Kaksikodad MK"]
[BlackTeam "Kadrioru MK"]

1. e4 c6 2. Nc3 d5 3. d4 dxe4 4. Nxe4 Bf5 5. Ng3 Bg6 6. h4 h6 7. Nf3 Nd7 8. h5
Bh7 9. Bd3 Bxd3 10. Qxd3 Ngf6 11. c4 Qc7 12. Bd2 e6 13. O-O-O Bd6 14. Ne4 Nxe4
15. Qxe4 Nf6 16. Qc2 Bf4 17. Kb1 Bxd2 18. Rxd2 O-O 19. Rg1 Nxh5 20. g4 Qf4 21.
gxh5 Qxf3 22. Rd3 Qxh5 23. Rdg3 g6 24. Qc3 Rad8 25. Ka1 Kh7 26. Rh3 Qe2 27.
Rgh1 h5 28. Qa5 Rxd4 29. Rxh5+ Kg7 30. Rh7+ Kf6 31. Qc3 Qxc4 32. Qe3 Qd5 33. a3
Rd1+ 34. Rxd1 Qxd1+ 35. Ka2 Qd5+ 36. Ka1 Ke7 37. Qxa7 c5 38. Qa4 Rd8 39. Qh4+
g5 40. Qh2 Qf5 41. Qh1 Rd5 42. Rh3 Qc2 43. Ka2 Qc4+ 44. Ka1 Qc2 45. Ka2 b5 46.
Re3 Qxf2 47. Rf3 Qd4 48. Qh7 Qc4+ 49. b3 Qe2+ 0-1

[Event "Eesti klubide mv"]
[Site "Tallinn"]
[Date "2021.07.18"]
[Round "4.24"]
[White "Neff, Sergei"]
[Black "Lainevool, Mirko"]
[Result "1-0"]
[WhiteElo "2198"]
[BlackElo "1554"]
[PlyCount "91"]
[EventDate "2021.07.16"]
[EventCountry "EST"]
[SourceVersionDate "2021.11.19"]
[WhiteTeam "Kadioru MK"]
[BlackTeam "Kaksikodad MK"]

1. Nf3 Nf6 2. g3 g6 3. Bg2 Bg7 4. O-O d5 5. c4 c6 6. d3 O-O 7. Nbd2 Nbd7 8. Qc2
Re8 9. b3 e5 10. cxd5 cxd5 11. Bb2 e4 12. Nd4 e3 13. fxe3 Ng4 14. Rxf7 Ndf6 15.
Qc7 Qxc7 16. Rxc7 Nxe3 17. Bf3 Nfg4 18. Rxg7+ Kxg7 19. Ne6+ Kg8 20. Nc7 Bd7 21.
Nxa8 Rxa8 22. h3 Nh6 23. Bd4 Nhf5 24. Bxe3 Nxe3 25. Kf2 Re8 26. g4 Bc6 27. Rc1
Re6 28. Nf1 Nxf1 29. Kxf1 d4 30. Rc4 Bxf3 31. exf3 Re3 32. Rxd4 Rxf3+ 33. Kg2
Rf7 34. Kg3 Kg7 35. h4 h6 36. h5 gxh5 37. gxh5 Rc7 38. Kf4 b6 39. Rd6 Re7 40.
d4 Kh7 41. Kf5 Kg7 42. Rg6+ Kh7 43. d5 Re2 44. d6 Rxa2 45. d7 Rd2 46. Ke6 1-0

[Event "Eesti klubide mv"]
[Site "Tallinn"]
[Date "2021.07.18"]
[Round "4.25"]
[White "Dukov, Vladimir"]
[Black "Rauk, Tõnu"]
[Result "0-1"]
[WhiteElo "1423"]
[BlackElo "2125"]
[PlyCount "68"]
[EventDate "2021.07.16"]
[EventCountry "EST"]
[SourceVersionDate "2021.11.19"]
[WhiteTeam "Kaksikodad MK"]
[BlackTeam "Karioru MK"]

1. d4 Nf6 2. c4 e6 3. Nc3 Bb4 4. Nf3 O-O 5. e3 d5 6. Bd3 b6 7. O-O Bb7 8. Ne5
Nbd7 9. f4 Ne4 10. Nxe4 dxe4 11. Bc2 Be7 12. Bd2 f6 13. Ng4 f5 14. Ne5 Nxe5 15.
fxe5 Qe8 16. Bb3 Rd8 17. Bc3 Kh8 18. Qd2 Qg6 19. Rad1 Qh6 20. d5 Bg5 21. Rfe1
f4 22. Bd4 f3 23. Qf2 exd5 24. cxd5 Bxd5 25. Bc2 fxg2 26. Qxg2 c5 27. Bc3 Bxe3+
28. Kh1 Rf2 29. Rxd5 Rxd5 30. Qg3 Rxc2 31. Rxe3 Rxh2+ 32. Qxh2 Qxe3 33. e6 Rd1+
34. Kg2 Qf3# 0-1

[Event "Eesti klubide mv"]
[Site "Tallinn"]
[Date "2021.07.18"]
[Round "4.26"]
[White "Tarakanov, Oleg"]
[Black "Kõlar, Karl Ustav"]
[Result "1-0"]
[WhiteElo "2127"]
[BlackElo "1646"]
[PlyCount "75"]
[EventDate "2021.07.16"]
[EventCountry "EST"]
[SourceVersionDate "2021.11.19"]
[WhiteTeam "Kadrioru MK"]
[BlackTeam "Kaksikodad MK"]

1. e4 e5 2. Nf3 Nf6 3. Nc3 Nc6 4. Bb5 d6 5. d4 exd4 6. Nxd4 Bd7 7. Bxc6 bxc6 8.
O-O g6 9. Bg5 Bg7 10. Qf3 h6 11. Bh4 Rb8 12. Rfe1 O-O 13. Nb3 Re8 14. h3 c5 15.
e5 Rxe5 16. Rxe5 dxe5 17. Rd1 g5 18. Bg3 Qe8 19. Nxc5 Bc6 20. Qe2 Nd7 21. Nxd7
Bxd7 22. b3 Bc6 23. f3 Bb7 24. Qc4 Qc6 25. Qxc6 Bxc6 26. Nd5 Bxd5 27. Rxd5 f6
28. Ra5 Bf8 29. Bf2 Rd8 30. Be3 Bb4 31. Rxa7 Be1 32. Kf1 Bg3 33. Ke2 f5 34.
Rxc7 e4 35. Rc6 f4 36. Bb6 exf3+ 37. Kxf3 Rd1 38. a4 1-0

[Event "Eesti klubide mv"]
[Site "Tallinn"]
[Date "2021.07.18"]
[Round "4.31"]
[White "Andrijashkin, Deniss"]
[Black "Volodin, Aleksander"]
[Result "0-1"]
[WhiteElo "2137"]
[BlackElo "2444"]
[PlyCount "32"]
[EventDate "2021.07.16"]
[EventCountry "EST"]
[SourceVersionDate "2021.11.19"]
[WhiteTeam "Narva Maletäht"]
[BlackTeam "Kohtla-Jarve Diagonaal"]

1. Nf3 d5 2. g3 c5 3. Bg2 Nf6 4. O-O h6 5. d3 Nc6 6. Nbd2 e5 7. e4 dxe4 8. dxe4
Be6 9. c3 Be7 10. Qe2 Qc7 11. Nc4 O-O 12. Nh4 Rfd8 13. Nf5 Bf8 14. f4 Re8 15.
Nfe3 b5 16. f5 Bxc4 0-1

[Event "Eesti klubide mv"]
[Site "Tallinn"]
[Date "2021.07.18"]
[Round "4.32"]
[White "Timoshin, Andrei"]
[Black "Aga, Rihard"]
[Result "1/2-1/2"]
[WhiteElo "2176"]
[BlackElo "2021"]
[PlyCount "107"]
[EventDate "2021.07.16"]
[EventCountry "EST"]
[SourceVersionDate "2021.11.19"]
[WhiteTeam "Kohtla-Jarve Diagonaal"]
[BlackTeam "Narva Maletäht"]

1. e4 c6 2. Nf3 d6 3. d4 Qc7 4. Nc3 e5 5. a4 g6 6. dxe5 dxe5 7. Be3 Bg7 8. Bc5
Bg4 9. Bc4 Bf8 10. Be3 Nf6 11. h3 Bxf3 12. Qxf3 Nbd7 13. g4 O-O-O 14. Bxa7 Bb4
15. Be3 Ne8 16. O-O Nd6 17. Bd3 f5 18. Na2 Bc5 19. b4 Bxe3 20. Qxe3 fxg4 21.
hxg4 g5 22. b5 c5 23. b6 Nxb6 24. Nc3 Ndc4 25. Bxc4 Nxc4 26. Qe2 Qf7 27. Nd5
Rxd5 28. exd5 Qf4 29. Kg2 e4 30. Rae1 Nd2 31. Rh1 Re8 32. Qe3 Qxg4+ 33. Qg3 Qf5
34. Qh3 g4 35. Qc3 Qxd5 36. Qe3 Nc4 37. Qf4 e3+ 38. Kg3 h5 39. fxe3 Nxe3 40.
Rxe3 Rxe3+ 41. Qxe3 Qxh1 42. Qxc5+ Qc6 43. Qf8+ Kc7 44. Qg7+ Kb6 45. Qd4+ Ka6
46. Kh4 Qxc2 47. Kxh5 Qe2 48. Kh4 b6 49. Qb4 Qe6 50. Qb5+ Ka7 51. Kg3 Kb7 52.
Kh4 Kc7 53. Qb4 Kd7 54. a5 1/2-1/2

[Event "Eesti klubide mv"]
[Site "Tallinn"]
[Date "2021.07.18"]
[Round "4.33"]
[White "Blohhin, Sofia"]
[Black "Golubenko, Valeri"]
[Result "1/2-1/2"]
[WhiteElo "1976"]
[BlackElo "2285"]
[PlyCount "116"]
[EventDate "2021.07.16"]
[EventCountry "EST"]
[SourceVersionDate "2021.11.19"]
[WhiteTeam "Narva Maletäht"]
[BlackTeam "Kohtla-Jarve Maletäht"]

1. e4 c5 2. Nf3 g6 3. d4 cxd4 4. Nxd4 Bg7 5. Nc3 Nc6 6. Be3 Nf6 7. Nb3 d6 8. f3
Be6 9. Qd2 d5 10. exd5 Nxd5 11. Nxd5 Qxd5 12. Qxd5 Bxd5 13. O-O-O Bxb3 14. axb3
O-O 15. Bb5 Rfd8 16. Bxc6 bxc6 17. c3 Rd5 18. Rxd5 cxd5 19. Rd1 e6 20. Kc2 a6
21. Ra1 e5 22. Bc5 Rc8 23. b4 Rc6 24. Kb3 Bf8 25. Bxf8 Kxf8 26. Rd1 Rd6 27. b5
axb5 28. Kb4 Ke7 29. Kxb5 Ke6 30. b4 Rd8 31. Ka4 Rc8 32. Kb3 f5 33. Ra1 e4 34.
f4 Kd6 35. Ra6+ Rc6 36. Ra8 Rc7 37. Ra6+ Kd7 38. Ra5 Ke6 39. Ra6+ Ke7 40. Ra5
Rd7 41. Ra2 d4 42. cxd4 Rxd4 43. Kc3 Rd8 44. Kc4 Kd6 45. b5 Kc7 46. Kc5 Kb7 47.
Rb2 Rc8+ 48. Kb4 Kb6 49. Rd2 Re8 50. Rd6+ Kc7 51. Kc5 Rc8 52. b6+ Kb7+ 53. Kb5
Rc2 54. Rd7+ Kc8 55. Rxh7 Rxg2 56. b7+ Kb8 57. Kb6 Rb2+ 58. Ka6 Ra2+ 1/2-1/2

[Event "Eesti klubide mv"]
[Site "Tallinn"]
[Date "2021.07.18"]
[Round "4.34"]
[White "Koop, Vjacheslav"]
[Black "Sadekov, Maksim"]
[Result "0-1"]
[WhiteElo "2218"]
[BlackElo "1912"]
[PlyCount "50"]
[EventDate "2021.07.16"]
[EventCountry "EST"]
[SourceVersionDate "2021.11.19"]
[WhiteTeam "Kohtla-Jarve Diagonaal"]
[BlackTeam "Narva Maletäht"]

1. e4 e6 2. d4 d5 3. e5 c5 4. c3 Nc6 5. Nf3 Qb6 6. a3 a5 7. b3 Bd7 8. Be3 f6 9.
exf6 Nxf6 10. Bd3 Bd6 11. O-O O-O 12. dxc5 Bxc5 13. Bxc5 Qxc5 14. b4 Qd6 15. b5
Ne5 16. Nxe5 Qxe5 17. Re1 Qc7 18. h3 e5 19. Qb3 a4 20. Qa2 Be6 21. Bf1 Rae8 22.
Nd2 e4 (22... Qxc3 23. Rac1 Qd4 24. Nf3 Qf4 25. Nxe5 Bxh3 26. Nd3 Qg5) 23. c4
Qf4 24. cxd5 Ng4 (24... Bxh3 25. gxh3 Ng4 26. Nf3 $3 (26. hxg4 Qxf2+ 27. Kh1
Qh4+ 28. Kg1 Rf2) 26... exf3 (26... Qxf3 27. d6+ Kh8 28. Bg2 Qxf2+ 29. Qxf2
Nxf2 30. Re3) 27. hxg4 Qxg4+ 28. Kh2 Qf4+ 29. Kg1 $1 (29. Kh1 $4 Qh6+ 30. Kg1
Qg6+ 31. Kh2 Rf5 32. Rxe8+ Qxe8 33. d6+ Kh8) 29... Qg5+ 30. Kh2 $1) 25. Nxe4 $4
(25. hxg4 Qxf2+ 26. Kh1 Rf6 27. g5 Qh4+ (27... Rf4 28. Nf3 $1) 28. Kg1 Qf2+ 29.
Kh1) (25. Nf3 $1 exf3 26. g3 $1 Qg5 27. dxe6 $18) 25... Qh2# 0-1